Statistics for All 3,142 Counties of the United States on a Map

Click here to take the quiz!

General Stats

  • This quiz has been taken 13,012 times
  • The average score is 781 of 3142

Answer Stats

State County % Correct
PAWashington
83%
IAWashington
83%
KSWashington
83%
RIWashington
83%
GAWashington
83%
IDWashington
83%
ORWashington
83%
ILWashington
83%
ALWashington
83%
OHWashington
83%
KYWashington
83%
OKWashington
83%
NEWashington
83%
MNWashington
83%
MEWashington
83%
UTWashington
83%
TXWashington
83%
COWashington
83%
MDWashington
83%
MSWashington
83%
FLWashington
83%
ARWashington
83%
VAWashington
83%
TNWashington
83%
VTWashington
83%
LAWashington
83%
MOWashington
83%
NYWashington
83%
WIWashington
83%
NCWashington
83%
INWashington
83%
CAOrange
78%
VTOrange
78%
NYOrange
78%
NCOrange
78%
INOrange
78%
FLOrange
78%
VAOrange
78%
TXOrange
78%
TXJack
76%
FLMiami-Dade
76%
MOJackson
74%
PAJefferson
74%
MOJefferson
74%
COJackson
74%
ARJackson
74%
ARJefferson
74%
IDJefferson
74%
COJefferson
74%
WAJefferson
74%
NEJefferson
74%
WVJackson
74%
WVJefferson
74%
ILJefferson
74%
ILJackson
74%
ORJefferson
74%
ORJackson
74%
MNJackson
74%
MSJefferson
74%
SDJackson
74%
KSJackson
74%
MTJefferson
74%
KYJackson
74%
TXJefferson
74%
TXJackson
74%
FLJackson
74%
FLJefferson
74%
KYJefferson
74%
NYJefferson
74%
GAJackson
74%
GAJefferson
74%
MSJackson
74%
NCJackson
74%
KSJefferson
74%
TNJefferson
74%
TNJackson
74%
LAJefferson
74%
LAJackson
74%
OKJefferson
74%
ALJackson
74%
OHJefferson
74%
WIJefferson
74%
ALJefferson
74%
WIJackson
74%
INJefferson
74%
INJackson
74%
IAJefferson
74%
OKJackson
74%
MIJackson
74%
IAJackson
74%
OHJackson
74%
ORLincoln
73%
SDLincoln
73%
MELincoln
73%
WILincoln
73%
MNLincoln
73%
WYLincoln
73%
MOLincoln
73%
WVLincoln
73%
IDLincoln
73%
NMLincoln
73%
LALincoln
73%
NVLincoln
73%
LASt. John the Baptist
73%
WALincoln
73%
MSLincoln
73%
OKLincoln
73%
GALincoln
73%
KSLincoln
73%
NELincoln
73%
MTLincoln
73%
KYLincoln
73%
TNLincoln
73%
NCLincoln
73%
COLincoln
73%
ARLincoln
73%
FLSt. Johns
71%
SDMeade
70%
KYMeade
70%
KSMeade
70%
DCDistrict of Columbia
69%
AKLake and Peninsula
69%
IDAda
69%
TXTom Green
68%
TXDallas
68%
MODallas
68%
ALDallas
68%
ARDallas
68%
IADallas
68%
OHAdams
67%
MSAdams
67%
VAGreene
67%
INGreene
67%
TNGreene
67%
GAGreene
67%
KYGreen
67%
NEAdams
67%
IAAdams
67%
MOGreene
67%
WIAdams
67%
INAdams
67%
NDAdams
67%
WAAdams
67%
ALGreene
67%
COAdams
67%
OHGreene
67%
ILAdams
67%
PAAdams
67%
ILGreene
67%
WIGreen
67%
NYGreene
67%
PAGreene
67%
NCGreene
67%
MSGreene
67%
IAGreene
67%
IDAdams
67%
ARGreene
67%
NEMadison
66%
MSMadison
66%
IAMadison
66%
GAMadison
66%
ILMadison
66%
TNMadison
66%
NYMadison
66%
KSMiami
66%
OHMiami
66%
OHMadison
66%
NCMadison
66%
MOMadison
66%
ALMadison
66%
ARMadison
66%
KYMadison
66%
VAMadison
66%
FLMadison
66%
INMadison
66%
TXMadison
66%
INMiami
66%
LAMadison
66%
MTMadison
66%
CALos Angeles
66%
IDMadison
66%
KSJohnson
64%
TNJohnson
64%
WYJohnson
64%
TXJohnson
64%
INJohnson
64%
GAJohnson
64%
ARJohnson
64%
NEJohnson
64%
ILJohnson
64%
OKJohnston
64%
NYNew York
64%
MOJohnson
64%
KYJohnson
64%
NCJohnston
64%
IAJohnson
64%
MSLeake
63%
WAKing
63%
TXKing
63%
ALHouston
62%
TXHouston
62%
MNHouston
62%
TNHouston
62%
GAHouston
62%
PAMonroe
61%
UTRich
61%
NYMonroe
61%
MIMonroe
61%
TXHarris
61%
IAMonroe
61%
WVMonroe
61%
MOMonroe
61%
INMonroe
61%
WIMonroe
61%
MSMonroe
61%
ILMonroe
61%
FLMonroe
61%
OHMonroe
61%
TNMonroe
61%
ARMonroe
61%
KYMonroe
61%
GAHarris
61%
GAMonroe
61%
ALMonroe
61%
PAFranklin
59%
ALFranklin
59%
KSFranklin
59%
VTFranklin
59%
MAFranklin
59%
WAFranklin
59%
IDFranklin
59%
GAFranklin
59%
NCFranklin
59%
INFranklin
59%
FLFranklin
59%
ILFranklin
59%
VAFranklin
59%
TNFranklin
59%
KYFranklin
59%
MOFranklin
59%
NYFranklin
59%
IAFranklin
59%
OHFranklin
59%
ARLittle River
59%
TXFranklin
59%
VAFranklin
59%
ARFranklin
59%
LAFranklin
59%
NEFranklin
59%
MSFranklin
59%
MEFranklin
59%
OHBrown
58%
INBrown
58%
TNLake
58%
COLake
58%
INLake
58%
TXEl Paso
58%
ILLake
58%
GAWhite
58%
ORLake
58%
FLLake
58%
TXBrown
58%
SDBrown
58%
OHLake
58%
MTLake
58%
ILWill
58%
ILWhite
58%
KSBrown
58%
SDLake
58%
ILBrown
58%
INWhite
58%
TNWhite
58%
MILake
58%
COEl Paso
58%
ARWhite
58%
WIBrown
58%
MNLake
58%
MNBrown
58%
CALake
58%
NEBrown
58%
LASt. Charles
57%
CASan Diego
57%
MOSt. Charles
57%
ORColumbia
56%
ORGrant
56%
MNGrant
56%
WVGrant
56%
ARGrant
56%
SDGrant
56%
NYColumbia
56%
KYGrant
56%
LAGrant
56%
ARHot Spring
56%
ARColumbia
56%
WAColumbia
56%
FLColumbia
56%
PAColumbia
56%
KSGrant
56%
HIHawaii
56%
WAGrant
56%
NMGrant
56%
OKGrant
56%
INGrant
56%
WIColumbia
56%
NDGrant
56%
WIGrant
56%
NEGrant
56%
GAColumbia
56%
CASan Francisco
56%
WYHot Springs
56%
HIHonolulu
55%
TXAustin
54%
MSLee
54%
NERock
54%
ALLee
54%
WIRock
54%
KYLee
54%
MNRock
54%
VALee
54%
CODenver
54%
NCLee
54%
GALee
54%
NYKings
54%
IALee
54%
FLLee
54%
ILLee
54%
TXLee
54%
ARLee
54%
SCLee
54%
FLPolk
53%
MNPolk
53%
MTRoosevelt
53%
TNPolk
53%
VASmyth
53%
GAPolk
53%
ARPolk
53%
ORPolk
53%
NMRoosevelt
53%
NEPolk
53%
OKCleveland
53%
MOPolk
53%
WIPolk
53%
IAPolk
53%
TXPolk
53%
NCCleveland
53%
NCPolk
53%
ARCleveland
53%
WIClark
52%
INMontgomery
52%
NVClark
52%
MSClarke
52%
ALMontgomery
52%
VAMontgomery
52%
NYMontgomery
52%
VAClarke
52%
GAClarke
52%
KYMontgomery
52%
ALClarke
52%
TNMontgomery
52%
GAHaralson
52%
TNSmith
52%
OHClark
52%
IAClarke
52%
NCMontgomery
52%
IAMontgomery
52%
SDClark
52%
ARMontgomery
52%
MOMontgomery
52%
ILClark
52%
PAMontgomery
52%
WAClark
52%
ARClark
52%
ILMontgomery
52%
INClark
52%
IDClark
52%
KSClark
52%
MOClark
52%
MIKent
52%
KSSmith
52%
OHMontgomery
52%
GAMontgomery
52%
KYClark
52%
RIKent
52%
MDKent
52%
MDMontgomery
52%
MSMontgomery
52%
TXMontgomery
52%
DEKent
52%
TXKent
52%
TXSmith
52%
KSMontgomery
52%
MSSmith
52%
MDCharles
51%
MSGeorge
51%
SDCharles Mix
51%
IAHarrison
51%
MEYork
51%
VACharles City
51%
MSHarrison
51%
NEYork
51%
VAYork
51%
OHHarrison
51%
WVHarrison
51%
INHarrison
51%
TXHarrison
51%
MOHarrison
51%
SCYork
51%
PAYork
51%
KYHarrison
51%
MNCook
50%
TXCooke
50%
OHWilliams
50%
GACook
50%
LASt. James
50%
ARYell
50%
ILCook
50%
NDWilliams
50%
TXFoard
50%
COKit Carson
50%
NYQueens
49%
TXTaylor
49%
GATaylor
49%
FLTaylor
49%
WVTaylor
49%
IATaylor
49%
MTHill
49%
WITaylor
49%
KYTaylor
49%
TXHill
49%
IASac
48%
LAWest Carroll
48%
MSCarroll
47%
AKJuneau
47%
KYHart
47%
TXWilson
47%
ILCarroll
47%
KSWilson
47%
TNCarroll
47%
ILFord
47%
GAHart
47%
ARCarroll
47%
MDCarroll
47%
TNWilson
47%
MOCarroll
47%
INCarroll
47%
LASt. Mary
47%
NHCarroll
47%
GACarroll
47%
KSFord
47%
VACarroll
47%
OHCarroll
47%
WIJuneau
47%
NCWilson
47%
IACarroll
47%
KYCarroll
47%
NEWayne
46%
IADelaware
46%
PAWayne
46%
MOWayne
46%
NYWayne
46%
FLHamilton
46%
TXHamilton
46%
IAWayne
46%
OHHamilton
46%
GAWayne
46%
INWayne
46%
NCWayne
46%
OHDelaware
46%
MSWayne
46%
WVBrooke
46%
OHWayne
46%
ILWayne
46%
TXTyler
46%
OKDelaware
46%
NEHamilton
46%
OKOklahoma
46%
AKAnchorage
46%
WVTyler
46%
WVWayne
46%
MIWayne
46%
KYWayne
46%
IAHamilton
46%
INHamilton
46%
INDelaware
46%
ILHamilton
46%
TXKenedy
46%
FLBay
46%
PADelaware
46%
NYDelaware
46%
NVCarson City
46%
TNHamilton
46%
TNWayne
46%
TXCarson
46%
UTWayne
46%
CASacramento
46%
TXColorado
46%
NYHamilton
46%
MIBay
46%
KSHamilton
46%
KSMarion
45%
IAVan Buren
45%
TXMarion
45%
SCMarion
45%
KYMarion
45%
COGrand
45%
ARVan Buren
45%
FLMarion
45%
UTGrand
45%
IAMarion
45%
MOMarion
45%
TNVan Buren
45%
ILMarion
45%
CAMarin
45%
INMarion
45%
ORMarion
45%
MIVan Buren
45%
LAJefferson Davis
45%
TNMarion
45%
MOMississippi
45%
ALMarion
45%
TXJeff Davis
45%
UTSalt Lake
45%
GAMarion
45%
MSJefferson Davis
45%
ARMississippi
45%
WVMarion
45%
GAJeff Davis
45%
ARMarion
45%
MSMarion
45%
OHMarion
45%
ARNevada
44%
GARichmond
44%
MOTexas
44%
VARichmond
44%
OKTexas
44%
NYAlbany
44%
OHWood
44%
WIBuffalo
44%
VARichmond
44%
WIWood
44%
CANevada
44%
WYAlbany
44%
WVWood
44%
NYRichmond
44%
NEBuffalo
44%
NCRichmond
44%
SDBuffalo
44%
TXWood
44%
ALCherokee
43%
NCColumbus
43%
NCCherokee
43%
NECheyenne
43%
TXCherokee
43%
CAKings
43%
OKCherokee
43%
SCCherokee
43%
KSCherokee
43%
IACherokee
43%
NMSanta Fe
43%
COCheyenne
43%
GACherokee
43%
KSCheyenne
43%
OKGarfield
42%
OHClinton
42%
WAGarfield
42%
COGarfield
42%
PAClinton
42%
NYErie
42%
PAErie
42%
MTGarfield
42%
NEGarfield
42%
KYClinton
42%
MOClinton
42%
INClinton
42%
NYClinton
42%
IAClinton
42%
OHErie
42%
MIClinton
42%
ILClinton
42%
UTGarfield
42%
ILKnox
41%
NEKnox
41%
NEPierce
41%
NESioux
41%
MOCarter
41%
KYKnox
41%
WIPierce
41%
MTCarter
41%
TXJones
41%
NCJones
41%
TXKnox
41%
WAPierce
41%
MEKnox
41%
GAJones
41%
KYCarter
41%
NDSioux
41%
OKCarter
41%
OHKnox
41%
TNCarter
41%
HIMaui
41%
IASioux
41%
INKnox
41%
NDPierce
41%
SDJones
41%
MSJones
41%
IAJones
41%
MOKnox
41%
PAIndiana
41%
TNKnox
41%
GAPierce
41%
NEDakota
40%
CTNew London
40%
MNSt. Louis
40%
NCPitt
40%
MOSt. Louis
40%
FLHardee
40%
KYOhio
40%
MNDakota
40%
WYPark
40%
MOSt. Louis City
40%
VAJames City
40%
WVOhio
40%
KSReno
40%
MTPark
40%
INOhio
40%
COPark
40%
INParke
40%
TXMartin
39%
KYDaviess
39%
NEHayes
39%
INMartin
39%
VACharlotte
39%
NCMartin
39%
LASt. Martin
39%
IADavis
39%
INDaviess
39%
FLCharlotte
39%
MNMartin
39%
MODaviess
39%
UTDavis
39%
PAPhiladelphia
39%
SCCharleston
39%
KYMartin
39%
FLMartin
39%
TXHardin
38%
MODade
38%
NJWarren
38%
IAWarren
38%
GAThomas
38%
LAWest Baton Rouge
38%
MSWarren
38%
GAWarren
38%
NEThomas
38%
VAWarren
38%
MDBaltimore
38%
IAHardin
38%
TNWarren
38%
KYWarren
38%
NMMcKinley
38%
TNHardin
38%
GADade
38%
NYWarren
38%
KSThomas
38%
ILWarren
38%
TXGray
38%
OHHardin
38%
NMHarding
38%
CASan Bernardino
38%
MDBaltimore
38%
OHWarren
38%
SDHarding
38%
KSGray
38%
PAWarren
38%
INWarren
38%
NCWarren
38%
MOWarren
38%
ILHardin
38%
KYHardin
38%
KYClay
37%
MNScott
37%
IAClay
37%
TNScott
37%
GAClay
37%
SDClay
37%
NEClay
37%
MOScott
37%
NYSt. Lawrence
37%
INClay
37%
TXClay
37%
KYScott
37%
ILScott
37%
KSClay
37%
MNClay
37%
ARClay
37%
MSScott
37%
VAScott
37%
ILClay
37%
ARArkansas
37%
IAScott
37%
FLClay
37%
NCClay
37%
INScott
37%
MSClay
37%
IDBoise
37%
ALClay
37%
TXReagan
37%
TNClay
37%
ARScott
37%
WVClay
37%
KSScott
37%
MOClay
37%
WILafayette
36%
NCUnion
36%
NEDouglas
36%
LAUnion
36%
OHAllen
36%
FLUnion
36%
TNUnion
36%
VTOrleans
36%
WIDouglas
36%
MSForrest
36%
INUnion
36%
WIForest
36%
CODouglas
36%
WVLewis
36%
KYLewis
36%
MSLafayette
36%
ORDouglas
36%
ARUnion
36%
WALewis
36%
KSAllen
36%
LAAllen
36%
WADouglas
36%
OKTulsa
36%
ARLafayette
36%
NJSalem
36%
ILDouglas
36%
PAUnion
36%
TXHunt
36%
IDLewis
36%
IAUnion
36%
PAForest
36%
MOLafayette
36%
MOLewis
36%
NMUnion
36%
ORUnion
36%
VASalem
36%
KYAllen
36%
NVDouglas
36%
MNDouglas
36%
NYLewis
36%
INAllen
36%
OHUnion
36%
KSDouglas
36%
NJUnion
36%
NYBronx
36%
NYOrleans
36%
MODouglas
36%
IAIda
36%
FLLafayette
36%
LAOrleans
36%
ILUnion
36%
GADouglas
36%
LALafayette
36%
SDUnion
36%
SCUnion
36%
GAUnion
36%
SDDouglas
36%
MSUnion
36%
KYUnion
36%
TNLewis
36%
MSStone
35%
KSAnderson
35%
MOAndrew
35%
TXHoward
35%
TNAnderson
35%
MOHoward
35%
ARHoward
35%
MOHenry
35%
SCAnderson
35%
GAHenry
35%
UTUtah
35%
TNHenry
35%
OHHenry
35%
IAHenry
35%
MDHoward
35%
ALHenry
35%
COYuma
35%
CAFresno
35%
VAHenry
35%
NEHoward
35%
KYHenry
35%
INHoward
35%
ARStone
35%
MOStone
35%
KYAnderson
35%
IAHoward
35%
ILHenry
35%
AZYuma
35%
AZNavajo
35%
INHenry
35%
TXAnderson
35%
KSStevens
34%
NYFulton
34%
NCNash
34%
NJOcean
34%
KSWichita
34%
IAFayette
34%
NJEssex
34%
NYEssex
34%
KYFulton
34%
KYLawrence
34%
KYBell
34%
KYFayette
34%
GAStephens
34%
GAFulton
34%
TNFayette
34%
GALong
34%
GAFayette
34%
TNLawrence
34%
CORoutt
34%
TXFayette
34%
SDLawrence
34%
PALawrence
34%
ILFayette
34%
ILFulton
34%
ILLawrence
34%
MOLawrence
34%
PAFayette
34%
PAFulton
34%
IDIdaho
34%
MSLawrence
34%
TXStephens
34%
AKSoutheast Fairbanks
34%
WVFayette
34%
WAStevens
34%
AKFairbanks North Star
34%
ALLawrence
34%
MIOakland
34%
ALFayette
34%
ARFulton
34%
ARLawrence
34%
MAEssex
34%
TXWichita
34%
VTEssex
34%
CARiverside
34%
MNStevens
34%
VAEssex
34%
OKStephens
34%
TXBell
34%
INFulton
34%
OHFulton
34%
INLawrence
34%
OHLawrence
34%
INFayette
34%
OHFayette
34%
LASt. Helena
33%
NEArthur
33%
COMorgan
33%
SDRoberts
33%
COSan Juan
33%
OHMorgan
33%
TNMorgan
33%
NMSan Juan
33%
KYMason
33%
IAIowa
33%
KSElk
33%
UTMorgan
33%
WVMorgan
33%
WVMason
33%
ALMorgan
33%
NEFillmore
33%
WIIowa
33%
MNFillmore
33%
KYMorgan
33%
UTSan Juan
33%
GAMorgan
33%
INMorgan
33%
WAMason
33%
WASan Juan
33%
TXRoberts
33%
TXMason
33%
MIMason
33%
ILMason
33%
NCHertford
33%
PAElk
33%
MOMorgan
33%
ILMorgan
33%
VASuffolk
32%
VANorfolk
32%
KYPike
32%
MNMarshall
32%
MOPike
32%
TNMarshall
32%
ARPike
32%
CTHartford
32%
MSMarshall
32%
OKMarshall
32%
KSMarshall
32%
MANorfolk
32%
MSPike
32%
VALancaster
32%
INMarshall
32%
MASuffolk
32%
INPike
32%
ILPike
32%
NELancaster
32%
SCLancaster
32%
IAMarshall
32%
NYSuffolk
32%
OKPittsburg
32%
KYMarshall
32%
PAWyoming
32%
PAPike
32%
RIProvidence
32%
SDMarshall
32%
GAPike
32%
ILMarshall
32%
ALMarshall
32%
WVWyoming
32%
OHPike
32%
WVMarshall
32%
NYWyoming
32%
PALancaster
32%
ALPike
32%
MSHancock
31%
UTBeaver
31%
IAHancock
31%
KSMorris
31%
TXVictoria
31%
WIMilwaukee
31%
COBoulder
31%
TXStarr
31%
KYHancock
31%
IABuchanan
31%
OHHancock
31%
MNPine
31%
WVHancock
31%
VASussex
31%
VABuchanan
31%
NJSussex
31%
CASierra
31%
NJMorris
31%
CASanta Barbara
31%
ILHancock
31%
COBent
31%
GAHancock
31%
DESussex
31%
INHancock
31%
OKBeaver
31%
ILEdwards
31%
TXEdwards
31%
MEHancock
31%
TNHancock
31%
PABeaver
31%
KSEdwards
31%
TXMorris
31%
MOBuchanan
31%
NMSierra
31%
KYBoone
30%
GACalhoun
30%
WVBoone
30%
NEValley
30%
TNSumner
30%
ARCalhoun
30%
NCBurke
30%
AZApache
30%
PAChester
30%
ARBoone
30%
NCHenderson
30%
MTValley
30%
SCChester
30%
SDButte
30%
SCCalhoun
30%
IDButte
30%
IACalhoun
30%
ALCalhoun
30%
NYOntario
30%
ALMobile
30%
NDBurke
30%
TNHenderson
30%
IABoone
30%
WVRaleigh
30%
MOOregon
30%
TNChester
30%
WVCalhoun
30%
GABurke
30%
TXFalls
30%
ILHenderson
30%
NJAtlantic
30%
ILCalhoun
30%
IDValley
30%
TXHenderson
30%
ILBoone
30%
TXWebb
30%
FLCalhoun
30%
INBoone
30%
TXCalhoun
30%
VAAugusta
30%
ILJersey
30%
KSSumner
30%
COMesa
30%
MICalhoun
30%
NEBoone
30%
KYHenderson
30%
MOBoone
30%
MSCalhoun
30%
CAButte
30%
KYShelby
29%
MOMiller
29%
MOPerry
29%
MTPhillips
29%
KYPerry
29%
MOShelby
29%
MSPerry
29%
NECass
29%
NEButler
29%
MOButler
29%
MOCass
29%
KYLogan
29%
MICass
29%
MIHuron
29%
MTLiberty
29%
MSNewton
29%
MONewton
29%
MAHampshire
29%
MNCass
29%
ORBaker
29%
ILCass
29%
PAButler
29%
ORSherman
29%
ILLogan
29%
OKLogan
29%
PAPerry
29%
HIKauai
29%
TNDavidson
29%
GAMiller
29%
GANewton
29%
SDDavison
29%
ILPerry
29%
ILShelby
29%
INPerry
29%
INShelby
29%
OHButler
29%
NDLogan
29%
OHHuron
29%
INNewton
29%
OHShelby
29%
INCass
29%
OHPerry
29%
OHLogan
29%
TNPerry
29%
TNShelby
29%
ARLogan
29%
ARMiller
29%
ARNewton
29%
ARPerry
29%
AZMaricopa
29%
WVHampshire
29%
ALButler
29%
ALPerry
29%
ALShelby
29%
WVLogan
29%
ARPhillips
29%
COEagle
29%
FLBaker
29%
FLLiberty
29%
TXCass
29%
GABaker
29%
TXLiberty
29%
COPhillips
29%
TXSherman
29%
TXShelby
29%
COLogan
29%
TXNewton
29%
NDCass
29%
GALiberty
29%
IAShelby
29%
KYButler
29%
KSLogan
29%
NCDavidson
29%
NELogan
29%
KSSherman
29%
NESherman
29%
IADes Moines
29%
KSPhillips
29%
IACass
29%
IAButler
29%
KSButler
29%
TXCamp
28%
IABenton
28%
IAPlymouth
28%
ORBenton
28%
MSBenton
28%
MAPlymouth
28%
ILJasper
28%
MOBenton
28%
WABenton
28%
SCJasper
28%
TNBenton
28%
TXJasper
28%
GAJasper
28%
MOJasper
28%
MSJasper
28%
CORio Grande
28%
TXYoung
28%
IAJasper
28%
INJasper
28%
INBenton
28%
ARBenton
28%
OKCreek
28%
MNBenton
28%
OKCuster
27%
ALWalker
27%
NCMoore
27%
GAWalker
27%
TXGalveston
27%
GACrawford
27%
SDCuster
27%
IACrawford
27%
OHCrawford
27%
MOCrawford
27%
MTCuster
27%
WICrawford
27%
INCrawford
27%
TNMoore
27%
TXMoore
27%
GASeminole
27%
IDCuster
27%
WAIsland
27%
NECuster
27%
ILWilliamson
27%
OKSeminole
27%
ARCrawford
27%
KSCrawford
27%
MICrawford
27%
TNWilliamson
27%
ILCrawford
27%
COCuster
27%
TXWalker
27%
PACrawford
27%
TXWilliamson
27%
FLSeminole
27%
FLNassau
26%
TXDelta
26%
TXHall
26%
MILivingston
26%
NYLivingston
26%
KSGeary
26%
MIOttawa
26%
FLLeon
26%
MSWinston
26%
NMLea
26%
ALWinston
26%
CASanta Cruz
26%
CODelta
26%
MAWorcester
26%
CANapa
26%
MIDelta
26%
VAArlington
26%
AZSanta Cruz
26%
MDWorcester
26%
KSOttawa
26%
TXLubbock
26%
TXLeon
26%
WIRichland
26%
TXMitchell
26%
NEHall
26%
TXRobertson
26%
KSMitchell
26%
CTNew Haven
26%
TXCollin
26%
OKOttawa
26%
SDMiner
26%
GAMitchell
26%
IAMitchell
26%
NCMitchell
26%
KYLivingston
26%
MTRichland
26%
SCRichland
26%
MOLivingston
26%
ILLivingston
26%
SDDay
26%
LALivingston
26%
LARichland
26%
ILRichland
26%
KYRobertson
26%
TNRobertson
26%
NYNassau
26%
OHOttawa
26%
NDRichland
26%
GAHall
26%
OHRichland
26%
VAAlexandria
25%
ARSt. Francis
25%
WYFremont
25%
CAAlameda
25%
VAAlleghany
25%
MOLinn
25%
PAAllegheny
25%
UTTooele
25%
CASanta Clara
25%
MIMidland
25%
IACedar
25%
ORLinn
25%
VAMiddlesex
25%
VABristol
25%
WAPacific
25%
IALinn
25%
AZGraham
25%
AKNome
25%
NECedar
25%
OKBryan
25%
UTIron
25%
IAFremont
25%
NJMiddlesex
25%
AKBristol Bay
25%
MIIron
25%
NCGraham
25%
WIIron
25%
MAMiddlesex
25%
MDAllegany
25%
KSGraham
25%
FLBroward
25%
MOCole
25%
CTMiddlesex
25%
TXMidland
25%
COPueblo
25%
TXLynn
25%
TXJim Wells
25%
FLDuval
25%
GABrooks
25%
TXAndrews
25%
TXBrooks
25%
GABryan
25%
MTYellowstone
25%
MOCedar
25%
TXDuval
25%
KSLinn
25%
NYAllegany
25%
COFremont
25%
IDFremont
25%
MABristol
25%
RIBristol
25%
MOIron
25%
NCAlleghany
25%
TXDawson
24%
WVWebster
24%
MTPrairie
24%
NYNiagara
24%
WVRandolph
24%
NCRandolph
24%
NEDawson
24%
PACumberland
24%
TXBee
24%
NCCumberland
24%
MTDawson
24%
UTSummit
24%
TNCumberland
24%
MOWebster
24%
MSWebster
24%
TXCameron
24%
WASpokane
24%
NEWebster
24%
VALexington
24%
VANewport News
24%
VAPulaski
24%
NJCumberland
24%
NJHudson
24%
TXPotter
24%
SCLexington
24%
PACameron
24%
OKWoods
24%
OHSummit
24%
TXParker
24%
MOPulaski
24%
VACumberland
24%
SDPotter
24%
RINewport
24%
PAPotter
24%
MORandolph
24%
ARPulaski
24%
ILCumberland
24%
ARPrairie
24%
GAPulaski
24%
ARRandolph
24%
ALRandolph
24%
IAWebster
24%
ILRandolph
24%
ILPulaski
24%
MEOxford
24%
GARandolph
24%
KYPulaski
24%
LACameron
24%
KYWebster
24%
GAWebster
24%
LAWebster
24%
MECumberland
24%
LAWinn
24%
KYCumberland
24%
GADawson
24%
COSummit
24%
INPulaski
24%
INRandolph
24%
OKEllis
23%
MODent
23%
DENew Castle
23%
MSChoctaw
23%
CAMonterey
23%
VAFrederick
23%
TXTrinity
23%
MDSt. Mary's
23%
NCAlexander
23%
TXFloyd
23%
KSLyon
23%
TXTravis
23%
MNLyon
23%
OHAthens
23%
GAFloyd
23%
NCDurham
23%
COArapahoe
23%
IALyon
23%
KYFloyd
23%
OKChoctaw
23%
INFloyd
23%
IAFloyd
23%
MDFrederick
23%
COMineral
23%
MTMineral
23%
TNCrockett
23%
ILAlexander
23%
KSEllis
23%
CATrinity
23%
NVLyon
23%
NVMineral
23%
TXEllis
23%
TXCrockett
23%
FLGulf
23%
ALChoctaw
23%
WVMineral
23%
VAFloyd
23%
KYLyon
23%
KSComanche
22%
COWeld
22%
MNWright
22%
ILMacon
22%
TXBexar
22%
NEPlatte
22%
NEDodge
22%
LADe Soto
22%
TXWheeler
22%
MSDeSoto
22%
OKComanche
22%
ALMacon
22%
OHHolmes
22%
MOPlatte
22%
ORWheeler
22%
PAArmstrong
22%
WIDodge
22%
NYBroome
22%
IAWright
22%
GAMacon
22%
GAWheeler
22%
GADodge
22%
NJBurlington
22%
TXHood
22%
NEWheeler
22%
TXArmstrong
22%
MNDodge
22%
TXHale
22%
MOMacon
22%
MOWright
22%
FLHolmes
22%
TXMills
22%
CAImperial
22%
FLDeSoto
22%
TXComanche
22%
ALHale
22%
TXRed River
22%
WYPlatte
22%
IAMills
22%
MSHolmes
22%
TNMacon
22%
CAVentura
22%
LARed River
22%
NCMacon
22%
PASomerset
21%
ORLane
21%
MTBlaine
21%
TXWard
21%
MESomerset
21%
KSLane
21%
WVPutnam
21%
FLPalm Beach
21%
NJSomerset
21%
TXDenton
21%
MDSomerset
21%
NERichardson
21%
GAPutnam
21%
AZMohave
21%
NYWestchester
21%
TXGregg
21%
VAGrayson
21%
KYGrayson
21%
TXGrayson
21%
TXTarrant
21%
KSDickinson
21%
OHPutnam
21%
IAHumboldt
21%
IADickinson
21%
NEBlaine
21%
SCHampton
21%
CAKern
21%
TNPutnam
21%
VADickenson
21%
CAHumboldt
21%
IDBlaine
21%
VAFairfax
21%
ALChambers
21%
OKBlaine
21%
FLPutnam
21%
AKYukon-Koyukuk
21%
NVHumboldt
21%
TXChambers
21%
ILPutnam
21%
CASonoma
21%
INPutnam
21%
MOPutnam
21%
NYPutnam
21%
VAHampton
21%
MIDickinson
21%
NDWard
21%
VAFairfax
21%
KYCaldwell
20%
GAMurray
20%
TXCaldwell
20%
VAVirginia Beach
20%
OHFairfield
20%
SDCampbell
20%
ILDeKalb
20%
MODeKalb
20%
MOCaldwell
20%
PACarbon
20%
LALaSalle
20%
TXHidalgo
20%
MOCamden
20%
MSSimpson
20%
IDCanyon
20%
AZPima
20%
KYCampbell
20%
GALamar
20%
NCCamden
20%
TXLamar
20%
VAPrince George
20%
ALLauderdale
20%
ALLamar
20%
NCCaldwell
20%
MNMurray
20%
LACaldwell
20%
MTCarbon
20%
TXLa Salle
20%
OKCoal
20%
VARussell
20%
TNLauderdale
20%
ALDeKalb
20%
WYCampbell
20%
GADecatur
20%
WYCarbon
20%
COKiowa
20%
NDBillings
20%
GADeKalb
20%
IADecatur
20%
TXKerr
20%
INDecatur
20%
INDeKalb
20%
UTCarbon
20%
CTFairfield
20%
CAMono
20%
VACampbell
20%
COSan Miguel
20%
NMHidalgo
20%
CASan Luis Obispo
20%
TNCampbell
20%
ILLaSalle
20%
MSLamar
20%
KSRussell
20%
NJCamden
20%
MDPrince George's
20%
MSLauderdale
20%
GACamden
20%
NMSan Miguel
20%
TNDecatur
20%
OKKiowa
20%
TNDeKalb
20%
KSDecatur
20%
ALRussell
20%
CASan Mateo
20%
SCFairfield
20%
KYSimpson
20%
OKMurray
20%
KYRussell
20%
KSKiowa
20%
KYMercer
19%
ARBradley
19%
TXFisher
19%
MOOsage
19%
UTSevier
19%
MOVernon
19%
NMCurry
19%
ILMercer
19%
KSCoffey
19%
OKHarper
19%
OKLove
19%
KSHarper
19%
OKRogers
19%
NMLos Alamos
19%
OKOsage
19%
ILPope
19%
NDMercer
19%
UTKane
19%
VACraig
19%
CAInyo
19%
OHMercer
19%
NCNorthampton
19%
OKCraig
19%
ARSevier
19%
VANorthampton
19%
KSOsage
19%
ILKendall
19%
VAChesapeake
19%
PABerks
19%
ARPope
19%
TXDickens
19%
OHCuyahoga
19%
MTSheridan
19%
ARIndependence
19%
PAMercer
19%
NDSheridan
19%
NESheridan
19%
NJMercer
19%
KSRice
19%
ILKane
19%
ORCurry
19%
NHHillsborough
19%
TXHays
19%
KSSheridan
19%
PANorthampton
19%
NECherry
19%
TNCoffee
19%
TXKendall
19%
WVMercer
19%
GACoffee
19%
TNBradley
19%
FLHillsborough
19%
ALCoffee
19%
TXGaines
19%
WIVernon
19%
TXLoving
19%
WYLaramie
19%
WYSheridan
19%
LAVernon
19%
MNPope
19%
MOMercer
19%
MNRice
19%
TNSevier
19%
NJGloucester
18%
TNBedford
18%
SDAurora
18%
NYSullivan
18%
ILIroquois
18%
KSPawnee
18%
MANantucket
18%
TXPecos
18%
TXHopkins
18%
MNWilkin
18%
ARCleburne
18%
OKPawnee
18%
TXLimestone
18%
MSCovington
18%
NMGuadalupe
18%
VAStaunton
18%
SDFaulk
18%
VAWise
18%
NEPawnee
18%
NESaline
18%
TXDeWitt
18%
PABedford
18%
TXTerry
18%
VACovington
18%
IDTeton
18%
LAVermilion
18%
ILDe Witt
18%
KYHopkins
18%
MTTeton
18%
TXBrewster
18%
NHSullivan
18%
LASt. Bernard
18%
VARoanoke
18%
TXMedina
18%
NVEureka
18%
TXBowie
18%
KSSaline
18%
KSRush
18%
PASullivan
18%
MOSaline
18%
OHMedina
18%
VAGloucester
18%
GACobb
18%
CAContra Costa
18%
ALCovington
18%
TXJim Hogg
18%
TXWise
18%
MOSullivan
18%
VABedford
18%
ILVermilion
18%
CAAlpine
18%
ALLimestone
18%
WYTeton
18%
TXGuadalupe
18%
VARoanoke
18%
ALCleburne
18%
ARSaline
18%
OKCotton
18%
ILSaline
18%
INSullivan
18%
INRush
18%
GABarrow
18%
INVermillion
18%
TNSullivan
18%
KSSedgwick
17%
NVElko
17%
KSStafford
17%
NHCoos
17%
NDBarnes
17%
COOtero
17%
INNoble
17%
IAAdair
17%
PABucks
17%
CAShasta
17%
KYChristian
17%
MOAdair
17%
SDHughes
17%
FLSt. Lucie
17%
NDEddy
17%
KYAdair
17%
IAChickasaw
17%
ILChristian
17%
ALBarbour
17%
KSWallace
17%
WIOneida
17%
OKAdair
17%
NYOneida
17%
FLSumter
17%
GAEvans
17%
MIBarry
17%
TXCrane
17%
KSChautauqua
17%
MOBarry
17%
MNNobles
17%
VAStafford
17%
KSBarber
17%
ALSumter
17%
OKHughes
17%
NYChautauqua
17%
OKNoble
17%
TXGonzales
17%
TXBrazos
17%
ALDale
17%
IAWorth
17%
TXColeman
17%
OHNoble
17%
COSedgwick
17%
CAYolo
17%
NMTaos
17%
MSChickasaw
17%
GAElbert
17%
NMOtero
17%
COAlamosa
17%
ORCoos
17%
NMEddy
17%
TXParmer
17%
MOSt. Francois
17%
WVBarbour
17%
MOChristian
17%
TXArcher
17%
ARBaxter
17%
TXOldham
17%
SCSumter
17%
TXBaylor
17%
KYOldham
17%
MOWorth
17%
GATerrell
17%
GAWorth
17%
COLarimer
17%
TXTerrell
17%
GASumter
17%
COElbert
17%
VAPortsmouth
17%
LAAcadia
17%
ARCross
17%
TXBailey
17%
IDOneida
17%
TXStonewall
17%
MNRedwood
16%
MTMissoula
16%
KYNelson
16%
COGunnison
16%
MTDaniels
16%
VASouthampton
16%
OKPayne
16%
MSLowndes
16%
COLas Animas
16%
AZGila
16%
CORio Blanco
16%
COBroomfield
16%
OKHaskell
16%
MABerkshire
16%
NMColfax
16%
COTeller
16%
KSHaskell
16%
ALLowndes
16%
GALowndes
16%
OKSequoyah
16%
OKMcIntosh
16%
ARAshley
16%
COBaca
16%
KSChase
16%
KSMorton
16%
WVUpshur
16%
NMBernalillo
16%
LAOuachita
16%
VANelson
16%
TXFannin
16%
NDMcIntosh
16%
NDMorton
16%
NDNelson
16%
CAMerced
16%
CAMendocino
16%
VACaroline
16%
CAMariposa
16%
TXHaskell
16%
OHHighland
16%
TXReeves
16%
TXHutchinson
16%
SCGreenville
16%
MIMarquette
16%
CASan Joaquin
16%
AKPetersburg
16%
INWells
16%
FLHighlands
16%
NDWells
16%
MISt. Clair
16%
WVBerkeley
16%
TXRandall
16%
OHTuscarawas
16%
TXZapata
16%
TXAransas
16%
ARDrew
16%
GAGlascock
16%
TXLamb
16%
GAFannin
16%
TXSan Jacinto
16%
WIMarquette
16%
CAGlenn
16%
FLBradford
16%
TXCoke
16%
MOSt. Clair
16%
SCBerkeley
16%
VAHighland
16%
CADel Norte
16%
CAEl Dorado
16%
ILSt. Clair
16%
ALSt. Clair
16%
NEStanton
16%
TXBrazoria
16%
COMontezuma
16%
TXVal Verde
16%
COMontrose
16%
TXFort Bend
16%
VAPetersburg
16%
KSShawnee
16%
PABradford
16%
NEColfax
16%
NEChase
16%
COCrowley
16%
NESeward
16%
MDCaroline
16%
GAMcIntosh
16%
SDHutchinson
16%
FLSarasota
16%
KSStanton
16%
NEDixon
16%
KSSeward
16%
AKDenali
16%
ARGarland
16%
PACentre
16%
TXUpshur
16%
NEGarden
16%
ILChampaign
15%
AZCoconino
15%
AZCochise
15%
TXUpton
15%
COMoffat
15%
MNHennepin
15%
IALucas
15%
TXZavala
15%
NEBurt
15%
OHSeneca
15%
OKCaddo
15%
OKGrady
15%
GAGrady
15%
WIBurnett
15%
FLSanta Rosa
15%
TXAngelina
15%
KSBarton
15%
MOBarton
15%
NYSeneca
15%
GAMuscogee
15%
TXDeaf Smith
15%
NCDavie
15%
ILStephenson
15%
LAEast Baton Rouge
15%
TXSutton
15%
TNHardeman
15%
GAWilkinson
15%
TXPresidio
15%
NCRutherford
15%
UTMillard
15%
TNRutherford
15%
INPorter
15%
LACaddo
15%
TXCastro
15%
CAModoc
15%
MSWilkinson
15%
TXBurnet
15%
ALBaldwin
15%
TXCallahan
15%
TXHudspeth
15%
OHChampaign
15%
INSt. Joseph
15%
TXNueces
15%
GABaldwin
15%
GAClayton
15%
TXChildress
15%
TXBlanco
15%
TXHardeman
15%
IAClayton
15%
TXRusk
15%
KSBourbon
15%
TXSabine
15%
WIRusk
15%
KYBourbon
15%
AROuachita
15%
AKKodiak Island
15%
OHLucas
15%
VACharlottesville
15%
TXRockwall
15%
MISt. Joseph
15%
CALassen
15%
CATulare
15%
GATurner
15%
COLa Plata
15%
IAPottawattamie
15%
NMChaves
15%
NMLuna
15%
LASabine
15%
MOCooper
15%
VANorton
15%
TXWharton
15%
TXDallam
15%
MDAnne Arundel
15%
TXCulberson
15%
COClear Creek
15%
SDTurner
15%
NMMora
15%
KSPottawatomie
15%
TXSterling
15%
LAPlaquemines
15%
TXMaverick
15%
KSHarvey
15%
KSNorton
15%
MTGlacier
15%
NMValencia
15%
NMTorrance
15%
NMDoña Ana
15%
FLPinellas
15%
NVChurchill
15%
OKPottawatomie
15%
NJCape May
15%
ALBibb
14%
NMQuay
14%
NCWake
14%
ARConway
14%
WAYakima
14%
SDDewey
14%
NVNye
14%
COConejos
14%
TXGrimes
14%
MNClearwater
14%
COProwers
14%
MSClaiborne
14%
VAHanover
14%
MOScotland
14%
TXSan Augustine
14%
GAWalton
14%
TXMenard
14%
NCStanly
14%
NCSurry
14%
WYBig Horn
14%
NCScotland
14%
INHuntington
14%
NMSandoval
14%
MNChippewa
14%
LAClaiborne
14%
NMRio Arriba
14%
NMCibola
14%
TXMatagorda
14%
TNStewart
14%
CASolano
14%
CAStanislaus
14%
AKNorth Slope
14%
CASan Benito
14%
NDStark
14%
COCostilla
14%
TXIrion
14%
NJBergen
14%
SCGeorgetown
14%
CASiskiyou
14%
INStarke
14%
GAStewart
14%
KYCrittenden
14%
SDStanley
14%
AKSitka
14%
TXDimmit
14%
ARCrittenden
14%
FLWalton
14%
NMCatron
14%
COChaffee
14%
INJay
14%
VABrunswick
14%
TXCochran
14%
TXEastland
14%
PANorthumberland
14%
MIOsceola
14%
CODolores
14%
CAPlacer
14%
NEGreeley
14%
TXNolan
14%
FLOsceola
14%
TXWaller
14%
SCGreenwood
14%
NMSocorro
14%
TXGoliad
14%
ILStark
14%
VANorthumberland
14%
COHinsdale
14%
TXPanola
14%
TXWillacy
14%
OKCanadian
14%
WIChippewa
14%
MIGenesee
14%
ARFaulkner
14%
OKDewey
14%
OHWyandot
14%
ILMenard
14%
MIChippewa
14%
NEThurston
14%
TXVan Zandt
14%
IDClearwater
14%
GAPeach
14%
VAPrince William
14%
TXMontague
14%
TXGillespie
14%
AZYavapai
14%
NCAshe
14%
COPitkin
14%
KSGreeley
14%
MIClare
14%
OKCimarron
14%
MTBig Horn
14%
COOuray
14%
LAIberia
14%
HIKalawao
14%
KSGreenwood
14%
NYGenesee
14%
MSPanola
14%
NCBrunswick
14%
PAHuntingdon
14%
LASt. Tammany
14%
TXEctor
14%
TXKinney
14%
WAThurston
14%
GABibb
14%
TNClaiborne
14%
OHStark
14%
VASurry
14%
TXSan Patricio
14%
TXUvalde
14%
AKAleutians West
14%
NCMecklenburg
14%
AKAleutians East
14%
AZPinal
14%
ILMassac
14%
TXCollingsworth
14%
TXBastrop
14%
CACalaveras
14%
OKMayes
14%
TXWinkler
14%
TXKleberg
14%
NYRockland
14%
TXLlano
14%
TXLive Oak
14%
VAMecklenburg
14%
CAYuba
14%
IAOsceola
14%
COGilpin
14%
COArchuleta
14%
TXLipscomb
14%
TXOchiltree
13%
TXRefugio
13%
TXBandera
13%
TXPalo Pinto
13%
ORCrook
13%
TXTitus
13%
GABanks
13%
FLEscambia
13%
OKKay
13%
ILPeoria
13%
SCFlorence
13%
TXNavarro
13%
GAQuitman
13%
TXAtascosa
13%
FLBrevard
13%
TXRains
13%
TXSan Saba
13%
TXMcCulloch
13%
OKMuskogee
13%
TXKarnes
13%
TXKimble
13%
SCWilliamsburg
13%
TXBosque
13%
TXKaufman
13%
TXYoakum
13%
SDOglala Lakota
13%
TXMcLennan
13%
ORMultnomah
13%
COHuerfano
13%
CASutter
13%
COSaguache
13%
SDMcPherson
13%
TXLampasas
13%
TNHumphreys
13%
TXBriscoe
13%
TXMcMullen
13%
TXBorden
13%
TXBurleson
13%
TXNacogdoches
13%
TXReal
13%
SDTodd
13%
VARockingham
13%
MTSanders
13%
VAWilliamsburg
13%
VAWinchester
13%
NEBoyd
13%
KYHarlan
13%
KYBoyd
13%
NEHarlan
13%
AZLa Paz
13%
AZGreenlee
13%
AKNorthwest Arctic
13%
LABeauregard
13%
LAAscension
13%
KYTodd
13%
KYNicholas
13%
TXErath
13%
NEMcPherson
13%
KYBath
13%
KSAtchison
13%
KSCloud
13%
NYSaratoga
13%
GACharlton
13%
TXConcho
13%
ARSharp
13%
NYDutchess
13%
KSMcPherson
13%
NHRockingham
13%
NVWashoe
13%
TXCrosby
13%
KSRiley
13%
NMDe Baca
13%
NJMonmouth
13%
MOMcDonald
13%
LABossier
13%
WIAshland
13%
MNNorman
13%
MNSteele
13%
MNTodd
13%
TXGarza
13%
TXGlasscock
13%
MNMorrison
13%
WIFlorence
13%
WYCrook
13%
MIMackinac
13%
TXHansford
13%
MIKalamazoo
13%
ALEscambia
13%
MIGrand Traverse
13%
MADukes
13%
MSHinds
13%
WVNicholas
13%
AKBethel
13%
LASt. Landry
13%
LAIberville
13%
LAConcordia
13%
LAEast Carroll
13%
MOAtchison
13%
MSSunflower
13%
MDQueen Anne's
13%
MSHumphreys
13%
MDGarrett
13%
MSQuitman
13%
TXFreestone
13%
TXFrio
13%
VAMathews
13%
ARHempstead
13%
NCRockingham
13%
VALoudoun
13%
TXComal
13%
NDSteele
13%
TXHemphill
13%
TXHartley
13%
VABath
13%
OHAshland
13%
VAIsle of Wight
13%
CAMadera
13%
TXShackelford
12%
TXScurry
12%
TXRunnels
12%
TXSchleicher
12%
MOSchuyler
12%
SCDorchester
12%
NCWilkes
12%
LACalcasieu
12%
LAEast Feliciana
12%
AKKetchikan Gateway
12%
LABienville
12%
LAAvoyelles
12%
KYOwen
12%
LAAssumption
12%
KYWolfe
12%
PAWestmoreland
12%
TXDonley
12%
ARIzard
12%
TXSwisher
12%
TXThrockmorton
12%
NEKearney
12%
ILDuPage
12%
KSWoodson
12%
VAWestmoreland
12%
PAMcKean
12%
ARDesha
12%
CATuolumne
12%
LALafourche
12%
FLPasco
12%
TXSomervell
12%
PASusquehanna
12%
ARCraighead
12%
ARChicot
12%
GAWilkes
12%
LATerrebonne
12%
MNWabasha
12%
CTLitchfield
12%
MNRamsey
12%
CAPlumas
12%
MSBolivar
12%
MIAllegan
12%
TNCheatham
12%
FLManatee
12%
TXLavaca
12%
MNPennington
12%
FLCollier
12%
WYSweetwater
12%
WYWeston
12%
WIWinnebago
12%
UTWeber
12%
WIDane
12%
WIDoor
12%
INWabash
12%
NDRamsey
12%
VTRutland
12%
TXMotley
12%
MSTate
12%
TXHockley
12%
MEAroostook
12%
MSYazoo
12%
FLOkeechobee
12%
OHRoss
12%
LAWest Feliciana
12%
SDJerauld
12%
VTWindsor
12%
MSLeflore
12%
MABarnstable
12%
INOwen
12%
MDDorchester
12%
SDPennington
12%
MSPearl River
12%
TXMilam
12%
LANatchitoches
12%
WAWalla Walla
12%
IAStory
12%
ILWinnebago
12%
IAWinnebago
12%
NYOnondaga
12%
ILSchuyler
12%
VAPatrick
12%
ARSebastian
12%
TXCoryell
12%
NYSchuyler
12%
KSLeavenworth
12%
TXCottle
12%
CAColusa
12%
ILWabash
12%
NYOswego
12%
TXWilbarger
12%
NYUlster
12%
CAAmador
12%
ARWoodruff
12%
OKLe Flore
12%
OKHarmon
12%
AKKenai Peninsula
11%
MOHolt
11%
VABuckingham
11%
CATehama
11%
LATensas
11%
UTJuab
11%
LATangipahoa
11%
SDBennett
11%
LAPointe Coupee
11%
LAEvangeline
11%
LAMorehouse
11%
OKMcCurtain
11%
OKPontotoc
11%
NCHyde
11%
PATioga
11%
KYMcLean
11%
FLVolusia
11%
MTPowell
11%
KYPowell
11%
NYCayuga
11%
OKMcClain
11%
VAChesterfield
11%
OKMajor
11%
AKValdez-Cordova
11%
MORay
11%
SCChesterfield
11%
LACatahoula
11%
MSPontotoc
11%
OKBeckham
11%
IAPocahontas
11%
GAGordon
11%
NCChatham
11%
ARSearcy
11%
NCHalifax
11%
CTWindham
11%
FLLevy
11%
FLGadsden
11%
GAChatham
11%
WYUinta
11%
FLDixie
11%
WIRacine
11%
MISaginaw
11%
NYYates
11%
WVPocahontas
11%
INSteuben
11%
NYSchenectady
11%
NDMcLean
11%
MSRankin
11%
SDHand
11%
SDHyde
11%
SDPerkins
11%
NYSteuben
11%
MSIssaquena
11%
MSGrenada
11%
MSKemper
11%
NYTioga
11%
VTWindham
11%
SDGregory
11%
LARapides
11%
IDShoshone
11%
NEHolt
11%
ARLonoke
11%
IDNez Perce
11%
PALackawanna
11%
VAHalifax
11%
PABlair
11%
ARPoinsett
11%
NHCheshire
11%
OKWoodward
11%
ORKlamath
11%
NEPerkins
11%
UTBox Elder
11%
NJPassaic
11%
PALehigh
11%
KSPratt
11%
ILMcLean
11%
NYTompkins
10%
MSItawamba
10%
MDTalbot
10%
OKRoger Mills
10%
NENemaha
10%
MDHarford
10%
NDOliver
10%
NEPhelps
10%
MAHampden
10%
NCBeaufort
10%
MSAttala
10%
MSAmite
10%
ORMorrow
10%
VAShenandoah
10%
OHPortage
10%
WVPreston
10%
MSCopiah
10%
OKWagoner
10%
MDCecil
10%
MSTallahatchie
10%
NDMcHenry
10%
MEPenobscot
10%
SDHanson
10%
NEBanner
10%
MSTunica
10%
MSTishomingo
10%
MSTippah
10%
IDBingham
10%
OKGreer
10%
MSNoxubee
10%
MSNeshoba
10%
MDCalvert
10%
OKGarvin
10%
MSPrentiss
10%
GAPickens
10%
NEKeith
10%
MSAlcorn
10%
MIBerrien
10%
FLIndian River
10%
UTWasatch
10%
ILGrundy
10%
INSpencer
10%
NVWhite Pine
10%
WIMenominee
10%
OHAshtabula
10%
WIPortage
10%
FLCitrus
10%
NCForsyth
10%
KSRepublic
10%
MIMacomb
10%
ORClackamas
10%
MIMenominee
10%
FLFlagler
10%
OHMorrow
10%
MIOtsego
10%
IADubuque
10%
ILGallatin
10%
TNLoudon
10%
TNGrundy
10%
ALPickens
10%
VAPage
10%
GAGwinnett
10%
FLGlades
10%
MNTraverse
10%
KSWyandotte
10%
VTBennington
10%
NVEsmeralda
10%
NVLander
10%
NVPershing
10%
MNLake of the Woods
10%
WIKenosha
10%
WIEau Claire
10%
GAForsyth
10%
OKAtoka
10%
OKAlfalfa
10%
NYOtsego
10%
MSOktibbeha
10%
MOGrundy
10%
SCPickens
10%
OKTillman
10%
KYSpencer
10%
PADauphin
10%
SCBeaufort
10%
NEGage
10%
IAPage
10%
MTGallatin
10%
NEDawes
10%
WAWhitman
10%
MSWalthall
10%
KSJewell
10%
VALynchburg
10%
KSGove
10%
MOPhelps
10%
ILMcHenry
10%
KYGallatin
10%
GABerrien
10%
NDBenson
10%
WASnohomish
10%
NEDeuel
10%
IDPower
10%
KSKingman
10%
MTCascade
10%
KSNemaha
10%
SDDeuel
10%
OKOkmulgee
10%
IAGrundy
10%
OKKingfisher
10%
GATalbot
10%
PALebanon
9%
KSKearny
9%
KSNeosho
9%
WIDunn
9%
VAManassas Park
9%
ALGeneva
9%
CTTolland
9%
OHDarke
9%
NCRowan
9%
UTCache
9%
VTAddison
9%
KSRawlins
9%
WVHardy
9%
UTDaggett
9%
OKWashita
9%
KSNess
9%
NYCortland
9%
SCDillon
9%
NJHunterdon
9%
WYGoshen
9%
FLHernando
9%
NVStorey
9%
NYCattaraugus
9%
IABuena Vista
9%
PALuzerne
9%
FLHendry
9%
WIPrice
9%
FLAlachua
9%
OKNowata
9%
NEBox Butte
9%
MNCarlton
9%
KYRowan
9%
WYConverse
9%
WYNatrona
9%
MIMuskegon
9%
ALBlount
9%
KSLabette
9%
ALElmore
9%
UTUintah
9%
NHMerrimack
9%
WAWhatcom
9%
WYNiobrara
9%
IALouisa
9%
OKOkfuskee
9%
ALTalladega
9%
NEKimball
9%
MTFergus
9%
MEWaldo
9%
IDTwin Falls
9%
NEAntelope
9%
SDMinnehaha
9%
SDBrookings
9%
MTGranite
9%
VAFredericksburg
9%
WAFerry
9%
OKPushmataha
9%
NEFrontier
9%
VALouisa
9%
MSSharkey
9%
NYRensselaer
9%
NEHooker
9%
NEHitchcock
9%
MEKennebec
9%
SDEdmunds
9%
VABuena Vista
9%
MSYalobusha
9%
NDDunn
9%
KSCowley
9%
INLaPorte
9%
VADanville
9%
MTLewis and Clark
9%
VAManassas
9%
OHSandusky
9%
WVTucker
9%
ORMalheur
9%
NESaunders
9%
IABlack Hawk
9%
GATowns
9%
NYHerkimer
9%
VAKing George
9%
NEScotts Bluff
9%
TNGibson
9%
WIBarron
9%
IDElmore
9%
GABacon
9%
INGibson
9%
NEMorrill
9%
KSFinney
9%
ORTillamook
9%
KSOsborne
9%
NEOtoe
9%
OKLatimer
9%
KSDoniphan
9%
AKHaines
9%
MSCoahoma
9%
TNBlount
9%
NESarpy
9%
KYBarren
9%
KSEllsworth
9%
GABulloch
8%
FLOkaloosa
8%
FLGilchrist
8%
FLSuwannee
8%
VAHenrico
8%
NEMerrick
8%
NENance
8%
NERed Willow
8%
KSWabaunsee
8%
NEKeya Paha
8%
KYElliott
8%
KYPendleton
8%
WAOkanogan
8%
WAGrays Harbor
8%
NECuming
8%
KSTrego
8%
NHBelknap
8%
NCGates
8%
VAKing William
8%
VAKing and Queen
8%
NCMcDowell
8%
GAEffingham
8%
NCDare
8%
NHGrafton
8%
KSRooks
8%
KSHodgeman
8%
VAPrince Edward
8%
MOReynolds
8%
AKWrangell
8%
MIHillsdale
8%
MNItasca
8%
WILa Crosse
8%
MIEmmet
8%
WISheboygan
8%
MNCarver
8%
MIWashtenaw
8%
WIWaukesha
8%
WIWalworth
8%
MNBlue Earth
8%
ALTuscaloosa
8%
ALWilcox
8%
AKDillingham
8%
WVMcDowell
8%
AKSkagway
8%
MOOzark
8%
MOBates
8%
MEAndroscoggin
8%
MIAlpena
8%
MDWicomico
8%
WVPendleton
8%
MEPiscataquis
8%
VAGiles
8%
IAPalo Alto
8%
IDCaribou
8%
PAJuniata
8%
PALycoming
8%
IDBoundary
8%
IDBonner
8%
IDGem
8%
IDOwyhee
8%
ILEffingham
8%
IAEmmet
8%
ILEdgar
8%
ORJosephine
8%
PACambria
8%
PASchuylkill
8%
PASnyder
8%
SDWalworth
8%
GAOconee
8%
GALaurens
8%
GAJenkins
8%
TNGiles
8%
SDHamlin
8%
SDFall River
8%
GAWilcox
8%
SCLaurens
8%
SCOconee
8%
SCSpartanburg
8%
ILKankakee
8%
ORHarney
8%
UTSanpete
8%
OHGuernsey
8%
UTPiute
8%
OHBelmont
8%
VTCaledonia
8%
NDFoster
8%
VAAmherst
8%
VTGrand Isle
8%
OHLorain
8%
VTChittenden
8%
ILRock Island
8%
INDearborn
8%
UTEmery
8%
UTDuchesne
8%
VAAppomattox
7%
VAAlbemarle
7%
WASkagit
7%
VACulpeper
7%
WYWashakie
7%
WYSublette
7%
ALBullock
7%
WISawyer
7%
VABland
7%
VAAccomack
7%
WVSummers
7%
VAHarrisonburg
7%
VAFalls Church
7%
WAKitsap
7%
VATazewell
7%
VASpotsylvania
7%
VTLamoille
7%
WAClallam
7%
ALColbert
7%
ORClatsop
7%
IDLatah
7%
PAClearfield
7%
IDJerome
7%
KYCarlisle
7%
PAMontour
7%
PAMifflin
7%
PAClarion
7%
ORWasco
7%
NELoup
7%
NENuckolls
7%
ILTazewell
7%
ILOgle
7%
ORHood River
7%
ORDeschutes
7%
IDBonneville
7%
IDBear Lake
7%
MIIsabella
7%
SCMarlboro
7%
KYKenton
7%
SDBrule
7%
MTToole
7%
GAPaulding
7%
NEDundy
7%
MIIngham
7%
NEGosper
7%
SCAiken
7%
GAWare
7%
NEFurnas
7%
MIHoughton
7%
NEThayer
7%
OHPaulding
7%
NDMcKenzie
7%
NDGrand Forks
7%
NDWalsh
7%
INTipton
7%
OHClermont
7%
INTippecanoe
7%
NDGolden Valley
7%
FLWakulla
7%
MIEaton
7%
MICheboygan
7%
NCSampson
7%
MICharlevoix
7%
MIBranch
7%
NCGaston
7%
OHColumbiana
7%
OHDefiance
7%
OHMahoning
7%
INHendricks
7%
OHMeigs
7%
NYChenango
7%
NYChemung
7%
INElkhart
7%
OHLicking
7%
INJennings
7%
MESagadahoc
7%
INRipley
7%
OHGeauga
7%
INLaGrange
7%
NYSchoharie
7%
SDMcCook
7%
IDKootenai
7%
TNHawkins
7%
MTPetroleum
7%
MIPresque Isle
7%
ALAutauga
7%
MIKeweenaw
7%
TNDickson
7%
SDYankton
7%
SDZiebach
7%
MNAnoka
7%
TNCannon
7%
MORipley
7%
TNMeigs
7%
MILuce
7%
GAButts
7%
GABartow
7%
MTBeaverhead
7%
GAChattahoochee
7%
TNTipton
7%
MOShannon
7%
GACoweta
7%
MTGolden Valley
7%
MTFlathead
7%
MTRosebud
7%
GAEarly
7%
MNBecker
7%
MTStillwater
7%
SDHaakon
6%
OHHocking
6%
GABrantley
6%
MNBeltrami
6%
SDCorson
6%
MOCallaway
6%
MIOceana
6%
WAKlickitat
6%
WAKittitas
6%
WVGilmer
6%
SDCodington
6%
MTTreasure
6%
NCGuilford
6%
OHTrumbull
6%
ILWoodford
6%
OHVan Wert
6%
ALEtowah
6%
VAWythe
6%
GABen Hill
6%
OHScioto
6%
INDubois
6%
INSwitzerland
6%
KYWhitley
6%
NHStrafford
6%
NCTransylvania
6%
MILeelanau
6%
MTFallon
6%
GAMeriwether
6%
NCCatawba
6%
MIGogebic
6%
WAPend Oreille
6%
ALCullman
6%
VAAmelia
6%
VAPowhatan
6%
MNKoochiching
6%
MNYellow Medicine
6%
MNWinona
6%
MTSilver Bow
6%
VAPittsylvania
6%
WIManitowoc
6%
INWhitley
6%
INVigo
6%
SDKingsbury
6%
OHAuglaize
6%
WASkamania
6%
MTDeer Lodge
6%
NCAvery
6%
ALCrenshaw
6%
VARappahannock
6%
IAAudubon
6%
NCBuncombe
6%
MIAntrim
6%
MIAlger
6%
WACowlitz
6%
SDSully
6%
ALMarengo
6%
IDBannock
6%
ALConecuh
6%
KYLaurel
6%
VAGreensville
6%
MNRed Lake
6%
GAIrwin
6%
PAVenango
6%
WAAsotin
6%
SDBeadle
6%
IDCamas
6%
AKYakutat
6%
KYCasey
6%
SDTripp
6%
ALChilton
6%
WISauk
6%
WVKanawha
6%
MIIonia
6%
GAToombs
6%
NCNew Hanover
6%
SCHorry
6%
WISt. Croix
6%
MNCrow Wing
6%
MNOlmsted
6%
KYWoodford
6%
MOHowell
6%
AKMatanuska-Susitna
6%
KYBoyle
6%
IDGooding
6%
SDLyman
6%
ILJo Daviess
6%
KYCalloway
6%
ORYamhill
6%
SDBon Homme
6%
ORWallowa
6%
ORGilliam
6%
TNHaywood
6%
ILColes
6%
ORUmatilla
6%
GAGilmer
6%
ILBond
6%
IDPayette
6%
IDLemhi
6%
WAChelan
6%
VAFauquier
6%
NCHaywood
6%
ALCoosa
6%
WIFond du Lac
6%
GAAtkinson
6%
MISchoolcraft
6%
IAO'Brien
5%
WIBayfield
5%
ALTallapoosa
5%
MNRenville
5%
MNRoseau
5%
NCCurrituck
5%
MNSwift
5%
VANew Kent
5%
NCIredell
5%
MTBroadwater
5%
MNStearns
5%
MOSte. Genevieve
5%
MTPowder River
5%
AKHoonah-Angoon
5%
MTPondera
5%
WVMingo
5%
WVMonongalia
5%
KYBreckinridge
5%
MNPipestone
5%
KYLeslie
5%
KYGraves
5%
KYFleming
5%
MONew Madrid
5%
AKKusilvak
5%
VAMartinsville
5%
MOHickory
5%
MOCape Girardeau
5%
MTSweet Grass
5%
MIArenac
5%
MIAlcona
5%
MIBaraga
5%
NCCarteret
5%
IATama
5%
MTChouteau
5%
NCAlamance
5%
WAWahkiakum
5%
MTMusselshell
5%
KYBallard
5%
MTWheatland
5%
MTMcCone
5%
MTJudith Basin
5%
VAHopewell
5%
MIBenzie
5%
INVanderburgh
5%
WIWashburn
5%
GASpalding
5%
SCOrangeburg
5%
MNChisago
5%
GATift
5%
MIKalkaska
5%
GARockdale
5%
SDMoody
5%
SDSanborn
5%
SDMellette
5%
GAOglethorpe
5%
GARabun
5%
MIIosco
5%
GATroup
5%
IDMinidoka
5%
IDCassia
5%
ILBureau
5%
MIManistee
5%
ILMcDonough
5%
MNOtter Tail
5%
GAWhitfield
5%
SCDarlington
5%
SCClarendon
5%
MNFaribault
5%
MNFreeborn
5%
GAMcDuffie
5%
MNAitkin
5%
GAClinch
5%
GAChattooga
5%
MINewaygo
5%
MILenawee
5%
TNPickett
5%
MIMontmorency
5%
MIMontcalm
5%
GAAppling
5%
MIMecosta
5%
MIMissaukee
5%
GACatoosa
5%
MIOntonagon
5%
MIOscoda
5%
MILapeer
5%
GAGlynn
5%
GAHeard
5%
MIWexford
5%
TNCocke
5%
GAEmanuel
5%
MISanilac
5%
GACrisp
5%
GADooly
5%
GADougherty
5%
MIRoscommon
5%
ILPiatt
5%
IDBenewah
5%
WIMarathon
5%
NCSwain
5%
VADinwiddie
5%
MNKittson
5%
NDRenville
5%
NCStokes
5%
MNHubbard
5%
MNMille Lacs
5%
NCPerson
5%
IAAllamakee
5%
NCTyrrell
5%
IABremer
5%
NCYadkin
5%
NDBowman
5%
MNMcLeod
5%
IACerro Gordo
5%
WIGreen Lake
5%
NDDivide
5%
MNLac qui Parle
5%
NCVance
5%
NCYancey
5%
NDSlope
5%
OHPickaway
5%
OHMuskingum
5%
INFountain
5%
INKosciusko
5%
OHPreble
5%
INBlackford
5%
ILSangamon
5%
ILWhiteside
5%
OHVinton
5%
INBartholomew
5%
NCPamlico
5%
WIOzaukee
5%
MNMower
5%
MIGratiot
5%
VAGoochland
5%
MNNicollet
5%
MNGoodhue
5%
OHCoshocton
5%
OHGallia
5%
WICalumet
4%
MOTaney
4%
MOStoddard
4%
MNMahnomen
4%
MIOgemaw
4%
WIKewaunee
4%
WVGreenbrier
4%
MNIsanti
4%
WIMarinette
4%
MNBig Stone
4%
AKPrince of Wales-Hyder
4%
MNCottonwood
4%
WVPleasants
4%
WIVilas
4%
MOPemiscot
4%
WVDoddridge
4%
MITuscola
4%
MIShiawassee
4%
MNLe Sueur
4%
MIGladwin
4%
WVCabell
4%
MNKanabec
4%
WVRoane
4%
WIPepin
4%
WVBraxton
4%
IAPoweshiek
4%
VABotetourt
4%
NDGriggs
4%
NDCavalier
4%
IAAppanoose
4%
NDBurleigh
4%
NDPembina
4%
NDRolette
4%
ILMacoupin
4%
ILMoultrie
4%
INPosey
4%
INWarrick
4%
VAFluvanna
4%
NCRobeson
4%
IAMuscatine
4%
NCHoke
4%
VALunenburg
4%
NCGranville
4%
NCDuplin
4%
NCLenoir
4%
IAKossuth
4%
NCPasquotank
4%
NCOnslow
4%
IAGuthrie
4%
IAKeokuk
4%
SCAbbeville
4%
SCAllendale
4%
GAEchols
4%
TNMcMinn
4%
TNHickman
4%
GAHabersham
4%
TNDyer
4%
TNObion
4%
TNOverton
4%
GABleckley
4%
GACandler
4%
TNRoane
4%
GAColquitt
4%
GALanier
4%
GALumpkin
4%
SCKershaw
4%
SCMcCormick
4%
SCColleton
4%
GATwiggs
4%
GAUpson
4%
SCNewberry
4%
GATelfair
4%
SDSpink
4%
GASchley
4%
GAScreven
4%
GATaliaferro
4%
VANottoway
4%
NCPender
4%
IAWoodbury
4%
KYBracken
4%
VAPoquoson
4%
IAWinneshiek
4%
MTWibaux
4%
NCAnson
4%
MTRavalli
4%
VAGalax
4%
VAWaynesboro
4%
VARadford
4%
KYKnott
4%
KYBullitt
4%
VAColonial Heights
4%
VARockbridge
4%
NCBladen
4%
KYGarrard
4%
NCCabarrus
4%
MTMeagher
4%
KYHickman
4%
KYEdmonson
4%
VAEmporia
4%
SCBamberg
3%
KYEstill
3%
MOMaries
3%
MOMoniteau
3%
SCBarnwell
3%
SCSaluda
3%
WITrempealeau
3%
GATattnall
3%
KYJessamine
3%
GATreutlen
3%
WIShawano
3%
MONodaway
3%
SCEdgefield
3%
KYGreenup
3%
KYLaRue
3%
TNSequatchie
3%
TNRhea
3%
KYMenifee
3%
KYMagoffin
3%
TNTrousdale
3%
TNUnicoi
3%
KYMuhlenberg
3%
TNWeakley
3%
KYRockcastle
3%
KYMcCreary
3%
TNMaury
3%
KYLetcher
3%
TNBledsoe
3%
WIWaushara
3%
WIWaupaca
3%
KYTrimble
3%
TNFentress
3%
KYMcCracken
3%
TNGrainger
3%
KYTrigg
3%
MOPettis
3%
NDTowner
3%
NCBertie
3%
NCHarnett
3%
MNSherburne
3%
MNSibley
3%
IAMonona
3%
IAMahaska
3%
WIOutagamie
3%
KYOwsley
3%
MOBollinger
3%
MOAudrain
3%
IAWapello
3%
NCEdgecombe
3%
MNWatonwan
3%
WVRitchie
3%
IARinggold
3%
NCChowan
3%
MNWaseca
3%
NCCraven
3%
WVWirt
3%
WVWetzel
3%
MNWadena
3%
MNMeeker
3%
NCPerquimans
3%
NDLaMoure
3%
NDKidder
3%
KYBreathitt
3%
WILanglade
3%
NDRansom
3%
WIOconto
3%
NCCaswell
3%
MOLaclede
3%
MNKandiyohi
3%
NDHettinger
3%
MOGasconade
3%
NDBottineau
3%
MODunklin
3%
NDDickey
3%
NDEmmons
3%
MOChariton
3%
MOGentry
3%
NCWatauga
3%
NDStutsman
2%
NDTraill
2%
NDMountrail
2%
TNHamblen
2%
TNMcNairy
2%
MORalls
2%
KYMetcalfe
2%
NDSargent
2%

Score Distribution

Percentile by Number Answered

Percent of People with Each Score

Your Score History

You have not taken this quiz